000 01031nam a22002537a 4500
005 20170124103053.0
010 _aA-963072
020 _c150.00
035 _aA-963072
037 _bCen Lib/Ret
040 _aDPL
_bHN
082 _a
_bअग्रवा
100 _aअग्रवाल, सरला
_971125
245 _aएक कतरा धूप /
_cसरला अग्रवाल
246 _aEk katra dhoop /
_bby Sarla Aggarwal
260 _aनई दिल्ली
_bइतिहास शोध संस्थान
_c1999
270 _aभूलभुलैय्या रोड, महरौली
_bनई दिल्ली
_e110030
300 _a154पृ.
_c21सेमी (सजिल्द)
650 _aहिन्दी साहित्य
_971126
650 _aहिन्दी साहित्य -- उपन्यास
_946379
650 _aHindi literature
_971127
650 _aHindi literature -- Novel
_971128
942 _2ddc
_cHN
_h
_mअग्रवा
999 _c117279
_d117279